What the Bible Teaches About the Holy Spirit (Record no. 7938)

MARC details
000 -LEADER
fixed length control field 00573nam a2200241 a 4500
020 ## - INTERNATIONAL STANDARD BOOK NUMBER
ISBN
082 00 - DEWEY DECIMAL CLASSIFICATION NUMBER
Classification number 231.3
Author Cutter PEC
100 ## - MAIN ENTRY--AUTHOR NAME
Author name Peck, John
245 ## - TITLE STATEMENT
Title What the Bible Teaches About the Holy Spirit
260 ## - PUBLICATION, DISTRIBUTION, ETC. (IMPRINT)
Place of publication Illinois
Name of publisher Tyndale House
Year of publication 1979
300 ## - PHYSICAL DESCRIPTION
Number of Pages 144p
500 ## - GENERAL NOTE
General note includes index and biblioraphy
505 2# - FORMATTED CONTENTS NOTE
Formatted contents note Index
650 ## - SUBJECT ADDED ENTRY--TOPICAL TERM
Topical Term Holy Spirit
942 ## - ADDED ENTRY ELEMENTS (KOHA)
Koha item type Books
700 1# -
-- Peck, John
Holdings
Collection code Home library Current library Date acquired Cost, normal purchase price Full call number Accession Number Koha item type
  Henry Martyn Institute Library Henry Martyn Institute Library 03/07/2008 25.00 231.3 PEC 011367 Books
                   Copyright © 2026 | Henry Martyn Institute | Hyderabad | TS-500052 | INDIA | Implemented by hmi.edu.in
Hit-Count:

Powered by Koha